000 01248nam a22002657a 4500
005 20170124103101.0
010 _aB-071683
020 _c250.00
_a8170432189
035 _aB-071683
037 _bCen Lib/Ret
040 _aDPL
_bHN
082 _a921
_bगुप्तअ
100 _aगुप्त, आशा
_977045
245 _aसुभाषचन्द्र बोस :
_cआशा गुप्त
_bनिस्संग क्रान्ति-पथिक /
246 _aSubhashchandra Boss : nissang kranti-pathik /
_bby Asha Gupt
260 _aदिल्ली
_bआत्माराम एंड संस
_c2002
270 _bदिल्ली
_aकश्मीरी गेट
_e110006
300 _axi, 303पृ.
_c21सेमी (सजिल्द)
500 _aपरिशिष्ट, सन्दर्भ सूची शामिल
650 _aबोस, सुभाष चंद्र, - 1897-1945
_977046
650 _a क्रांतिकारियों - भारत - जीवनी
_977047
650 _aBose, Subhas Chandra, -- 1897-1945.
_977048
650 _aRevolutionaries -- India -- Biography.
_927716
942 _2ddc
_cHN
_h921
_mगुप्तअ
999 _c117832
_d117832